British Monarchs of the 20th Century - Statistics

General Stats
  • This quiz has been taken 72 times
  • The average score is 5 of 6
Answer Stats
monarch % Correct
George V
94%
Elizabeth II
92%
Victoria
90%
Edward VII
89%
George VI
84%
Edward VIII
76%
No matching quizzes found
Score Distribution
Percent of People with Each Score
Percentile by Number Answered
Your Score History
You have not taken this quiz